000 01113cam a2200217 4500500
005 20260405005232.0
041 _afre
042 _adc
100 1 0 _aTassel, Anne
_eauthor
245 0 0 _aResponsibility without Guilt
260 _c2011.
500 _a10
520 _aThat the sociological coordinates of a certain state of uncertainty forces us to undertake a hermeneutic effort focused on a subjectivity that is meant to become public, and that, giving in to the movement of interiorizing responsibility, we are freed from the guilt that hampers both our acts and our action, the observation made by A. Ehrenberg about contemporary work on adolescence. Though promising, it seems to pass over the more painful aspects, such as guilt anxiety, whose counterpart is the work of fantasy.
690 _aexistentialism
690 _aguilt anxiety
690 _ahermeneutics
690 _aresponsibility
690 _aself
786 0 _nAdolescence | 29 | 3 | 2011-09-01 | p. 595-601 | 0751-7696
856 4 1 _uhttps://shs.cairn.info/journal-adolescence-2011-3-page-595?lang=en&redirect-ssocas=7080
999 _c2082176
_d2082176